Statistiken für Größte Stadt mit 5 Buchstaben in diesem Land

Klicken Sie hier um das Quiz zu spielen!

Allgemein

  • Dieses Quiz wurde 135 mal gespielt
  • Das Durchschnittsergebnis liegt bei 12 aus 18

Antwortstatistiken

LandStadt% Korrekt
TunesienTunis
92%
BulgarienSofia
90%
PortugalPorto
88%
VietnamHanoi
86%
EcuadorQuito
85%
SüdkoreaSeoul
83%
SenegalDakar
77%
ItalienTurin
77%
JemenSana'a
73%
BangladeschDhaka
65%
KroatienSplit
62%
Vereinigtes KönigreichLeeds
59%
TürkeiIzmir
52%
TschechienBrünn
50%
Vereinigte StaatenMiami
48%
RusslandKasan
33%
FinnlandEspoo
27%
NiederlandeBréda
11%

Verteilung der Resultate

Perzentil nach korrekt beantworteten Fragen

Anzahl Personen mit jedem Resultat

Ihre Resultats-Entwicklung

Sie haben dieses Quiz noch nicht gespielt